000 00294nam a22001337a 4500
008 170714b xxu||||| |||| 00| 0 eng d
020 _a2900195169248
041 _aeng
080 _a101
100 _a24
101 _aFIL
245 _aINTRODUCTION TO PHILOSOPHY
_cPERRY, J
942 _2udc
_cBK
999 _c20673
_d20673